LEADER 01032nam a2200253 u 4500 001 000000053987 003 CaOOAMICUS 005 20070226115625.0 008 001127s1945 it u000 u ita u 035 $a10862453 040 $aPUL(R)$bita 100 1 $aDe Libero, Giuseppe,$cC.Or.,$d1887-1968.$0(OLS)http://pul/name/3087 245 13$aLa civiltà del peccato /$cGiuseppe De Libero. 260 $aRoma :$bPia Società San Paolo,$c1945. 300 $a392 p. ;$c19 cm 650 4$aTeologia morale.$0(OLS)http://pul/subject/1500 650 4$aPeccato.$0(OLS)http://pul/subject/5639 850 $aPUL 852 $aPUL$W1$xDP1 Fondo Giannini$y60$m1556 E 20$j71165$nBK-PRI$b $qFondi$B71165$CPULBib$Z2$F71165 $81 852 $aPUL$W1$xDP1 Fondo Cecchetti$y53$m260 I 67$j194325$nBK-PRI$b $qFondi$B71166$CPULBib$Z2$F71166 $81 941 1 $a1 961 $aINV: F. Giannini 996 $6245$aLa civiltà del peccato$9(OLS)http://pul/title/72415 996 $6260$aRoma :$bPia Società San Paolo$9(OLS)http://pul/publisher/63154 LEADER 01154nam a2200289 u 4500 001 000000059463 003 CaOOAMICUS 005 20070226120813.0 008 010628s1989 it u000 u ita u 020 $a881640230X 035 $a10894560 040 $aPUL(R)$bita 100 1 $aDerrida, Jacques,$d1930-2004.$0(OLS)http://pul/name/26755 245 13$aLa disseminazione /$cJacques Derrida ; a cura di Silvano Petrosino. 260 $aMilano :$bJaca Book,$c1989. 300 $a377 p. ;$c23 cm 490 1 $aDi fronte e attraverso.$aFilosofia ;$v230 650 4$aSemiologia.$0(OLS)http://pul/subject/23040 700 1 $aPetrosino, Silvano,$d1955-$0(OLS)http://pul/name/13516 830 0$aDi fronte e attraverso.$pFilosofia ;$v230.$0(OLS)http://pul/title/8614 850 $aPUL 852 $aPUL$W1$xSL Filosofia 2$y80$mPhil D4 29$j77514$nBK-PRI$b $qStampati altre collocazioni$B77514$CPULBib$Z2$F77514 $81 941 1 $a10 961 $aINV: 61341 996 $6020$a881640230X$9(OLS)http://pul/number/75651 996 $6245$aLa disseminazione$9(OLS)http://pul/title/79610 996 $6260$aMilano :$bJaca Book$9(OLS)http://pul/publisher/47900